Engineering system dynamics
Spremljeno u:
| Glavni autor: | |
|---|---|
| Format: | Knjiga |
| Jezik: | Undetermined |
| Izdano: |
Harrow, U.K
Alpha Science International Ltd.
2005
|
| Teme: | |
| Oznake: |
Dodaj oznaku
Bez oznaka, Budi prvi tko označuje ovaj zapis!
|
| Thư viện lưu trữ: | Trung tâm Học liệu Trường Đại học Cần Thơ |
|---|
| LEADER | 00567nam a2200193Ia 4500 | ||
|---|---|---|---|
| 001 | CTU_128209 | ||
| 008 | 210402s9999 xx 000 0 und d | ||
| 020 | |c 1936000 | ||
| 082 | |a 620.001171 | ||
| 082 | |b D877 | ||
| 100 | |a Dukkipati, Rao V. | ||
| 245 | 0 | |a Engineering system dynamics | |
| 245 | 0 | |c Rao V. Dukkipati | |
| 260 | |a Harrow, U.K | ||
| 260 | |b Alpha Science International Ltd. | ||
| 260 | |c 2005 | ||
| 650 | |a Systems engineering.,Dynamics.,Engineering models.,Bond graphs. | ||
| 904 | |i Minh | ||
| 980 | |a Trung tâm Học liệu Trường Đại học Cần Thơ | ||